Diseño de protección contra voltajes/corrientes transitorios en instalaciones eléctricas de baja tensión (600 v)
Gorde:
| Egile nagusia: | |
|---|---|
| Beste egile batzuk: | |
| Formatua: | Liburua |
| Hizkuntza: | Spanish |
| Argitaratua: |
[San José, Costa Rica]
2012
|
| Gaiak: | |
| Etiketak: |
Etiketa erantsi
Etiketarik gabe, Izan zaitez lehena erregistro honi etiketa jartzen!
|
MARC
| LEADER | 00000nam a22000007a 4500 | ||
|---|---|---|---|
| 003 | 011712 | ||
| 005 | 20230831092833.0 | ||
| 008 | 151002b2012 cr a|||| |||| 00| ||spa d | ||
| 040 | |c cru CEDI | ||
| 090 | |a TFG 6882 | ||
| 100 | |9 1286 |a Ramírez Solano, Sebastian | ||
| 245 | |a Diseño de protección contra voltajes/corrientes transitorios en instalaciones eléctricas de baja tensión (600 v) | ||
| 260 | |a [San José, Costa Rica] |c 2012 | ||
| 300 | |a xv, 135 hojas : ilustraciones | ||
| 500 | |a Proyecto de graduación (bachillerato de graduación)--Universidad de Costa Rica. Facultad de Ingeniería. Escuela de Ingeniería Eléctrica | ||
| 501 | |a Profesora Guía de IE-0502 Proyecto Eléctrico: Ing. Marvin Bustillo Piedra | ||
| 650 | |x INSTALACIONES ELECTRICAS |x DISTRIBUCION DE ENERGIA ELECTRICA |x REGULADORES DE VOLTAJE |x CORRIENTES ELECTRICAS |9 1287 | ||
| 700 | |9 1331 |a Bustillo Piedra, Marvin, 1971- |d Director de Proyecto Eléctrico | ||
| 942 | |c CEDI | ||
| 999 | |c 14063 |d 14063 | ||
